Besoins de prise en charge psychosociale des personnes vivant avec le VIH/SIDA à Cotonou (Bénin) (notice n° 1541217)
[ vue normale ]
| 000 -LEADER | |
|---|---|
| fixed length control field | 00678cam a2200193 4500500 |
| 005 - DATE AND TIME OF LATEST TRANSACTION | |
| control field | 20251012023113.0 |
| 041 ## - LANGUAGE CODE | |
| Language code of text/sound track or separate title | fre |
| 042 ## - AUTHENTICATION CODE | |
| Authentication code | dc |
| 100 10 - MAIN ENTRY--PERSONAL NAME | |
| Personal name | C. Tognide, Matthieu |
| Relator term | author |
| 245 00 - TITLE STATEMENT | |
| Title | Besoins de prise en charge psychosociale des personnes vivant avec le VIH/SIDA à Cotonou (Bénin) |
| 260 ## - PUBLICATION, DISTRIBUTION, ETC. | |
| Date of publication, distribution, etc. | 2005.<br/> |
| 500 ## - GENERAL NOTE | |
| General note | 76 |
| 700 10 - ADDED ENTRY--PERSONAL NAME | |
| Personal name | Gandaho, Prosper |
| Relator term | author |
| 700 10 - ADDED ENTRY--PERSONAL NAME | |
| Personal name | Ezin-Houngbe, Josiane |
| Relator term | author |
| 700 10 - ADDED ENTRY--PERSONAL NAME | |
| Personal name | Dossa, M. |
| Relator term | author |
| 700 10 - ADDED ENTRY--PERSONAL NAME | |
| Personal name | Gualbert Ahyi, René |
| Relator term | author |
| 786 0# - DATA SOURCE ENTRY | |
| Note | Psy Cause | º42 | 4 | 2005-12-01 | p. 36-39 | 1245-2394 |
| 856 41 - ELECTRONIC LOCATION AND ACCESS | |
| Uniform Resource Identifier | <a href="https://shs.cairn.info/revue-psy-cause-2005-4-page-36?lang=fr&redirect-ssocas=7080">https://shs.cairn.info/revue-psy-cause-2005-4-page-36?lang=fr&redirect-ssocas=7080</a> |
Pas d'exemplaire disponible.




Réseaux sociaux